Competing for the future

Bibliographic Details
Main Authors: Hamel, Gary (Author), Prahalad, C. K. (Author)
Format: Book
Language:English
Published: Boston : Harvard Business School Press 1994
Subjects:

MARC

LEADER 00000cam a2200000 7i4500
001 0000000151
005 20240919.0
008 190313 mau eng
020 |a 0875844162 (hardback) 
040 |a INS   |b eng   |e rda 
090 0 0 |a HD41   |b .H24 1994 
100 1 |a Hamel, Gary ,   |e author 
245 1 0 |a Competing for the future   |c Gary Hamel, C. K. Prahalad 
264 1 |a Boston :   |b Harvard Business School Press   |c 1994 
264 4 |c ©1994 
300 |a xv, 327 pages :   |b illustrations ;   |c 23 cm. 
336 |a text  |2 rdacontent 
337 |a unmediated  |2 rdamedia 
338 |a volume  |2 rdacarrier 
650 0 |a Business Planning 
650 0 |a Competition 
650 0 |a Competition, International 
700 1 |a Prahalad, C. K. ,   |e author 
999 |a 0000005803   |b BOOK   |c Open Shelf   |e Default branch 
999 |a 0000023422   |b BOOK   |c Open Shelf   |e Default branch 
999 |a 0000023423   |b BOOK   |c Open Shelf   |e Default branch 
999 |a 0000023424   |b BOOK   |c Open Shelf   |e Default branch 
999 |a 0000023459   |b BOOK   |c Open Shelf   |e Default branch 
999 |a 0000023745   |b BOOK   |c Open Shelf   |e Default branch 
999 |a 0000024040   |b BOOK   |c Open Shelf   |e Default branch